| 000 | 00596nam a22001697a 4500 | ||
|---|---|---|---|
| 003 | NUST | ||
| 038 | _aNusrat Nadeem | ||
| 082 | _a200 | ||
| 100 |
_aALI, SYED HUMAIR _9124366 |
||
| 245 |
_aEFFICIENT WIRELESS SENSOR NETWORK (WSN) IMPLEMENTATION FOR STRUCTURAL HEALTH MONITORING (SHM) APPLICATIONS/ _cSYED HUMAIR ALI |
||
| 264 |
_aKarachi; _bPNEC NUST; _c2020. |
||
| 300 |
_a115,p; _bill; _c30,cm. |
||
| 650 |
_aPhD-Electrical Engineering _984162 |
||
| 700 |
_aSupervisor: Dr. TARIQ MAIRAJ RASOOL KHAN _9124367 |
||
| 856 | _u http://10.250.8.41:8080/xmlui/handle/123456789/34812 | ||
| 942 |
_2ddc _cSC |
||
| 999 |
_c610249 _d610249 |
||